Double cross / (Record no. 3276)

MARC details
000 -LEADER
fixed length control field 01189cac a22003611u 4500
003 - CONTROL NUMBER IDENTIFIER
control field EG-ScBUE
005 - DATE AND TIME OF LATEST TRANSACTION
control field 20220615132731.0
008 - FIXED-LENGTH DATA ELEMENTS--GENERAL INFORMATION
fixed length control field 100607r20061999enkab f 000 0 eng d
020 ## - INTERNATIONAL STANDARD BOOK NUMBER
International Standard Book Number 0521686539 (CD- Rom)
020 ## - INTERNATIONAL STANDARD BOOK NUMBER
International Standard Book Number 9780521686532 (CD- Rom)
020 ## - INTERNATIONAL STANDARD BOOK NUMBER
International Standard Book Number 0521656176 (pbk)
040 ## - CATALOGING SOURCE
Original cataloging agency EG-ScBUE
Language of cataloging eng
Description conventions rda
Transcribing agency EG-ScBUE
Modifying agency EG-ScBUE
082 04 - DEWEY DECIMAL CLASSIFICATION NUMBER
Classification number 428.64
Item number PRO
Edition number 22
100 1# - MAIN ENTRY--PERSONAL NAME
Personal name Prowse, Philip,
Relator term author.
9 (RLIN) 14614
245 10 - TITLE STATEMENT
Title Double cross /
Remainder of title Philip Prowse.
250 ## - EDITION STATEMENT
Edition statement Twelfth printing.
264 #1 - PUBLICATION, DISTRIBUTION, ETC. (IMPRINT)
Place of publication, distribution, etc Cambridge :
Name of publisher, distributor, etc Cambridge University Press,
Date of publication, distribution, etc 2006.
300 ## - PHYSICAL DESCRIPTION
Extent 64 pages :
Other physical details illustrations, maps ;
Dimensions 20 cm +
Accompanying material 2 CD
336 ## - CONTENT TYPE
Source rdacontent
Content type term text
Content type code txt
336 ## - CONTENT TYPE
Source rdacontent
Content type term sounds
Content type code snd
337 ## - MEDIA TYPE
Source rdamedia
Media type term unmediated
Media type code n
337 ## - MEDIA TYPE
Source rdamedia
Media type term audio
Media type code s
338 ## - CARRIER TYPE
Source rdacarrier
Carrier type term volume
Carrier type code nc
338 ## - CARRIER TYPE
Source rdacarrier
Carrier type term computer disc
Carrier type code cd
490 0# - SERIES STATEMENT
Series statement Cambridge English readers ;
Volume number/sequential designation level 3
650 #7 - SUBJECT ADDED ENTRY--TOPICAL TERM
Topical term or geographic name as entry element Readers (Adult)
9 (RLIN) 14615
Source of heading or term BUEsh
650 #7 - SUBJECT ADDED ENTRY--TOPICAL TERM
Topical term or geographic name as entry element Readers for new literates.
Source of heading or term BUEsh
650 #7 - SUBJECT ADDED ENTRY--TOPICAL TERM
Topical term or geographic name as entry element High interest-low vocabulary books.
Source of heading or term BUEsh
651 ## - SUBJECT ADDED ENTRY--GEOGRAPHIC NAME
Source of heading or term BUEsh
653 ## - INDEX TERM--UNCONTROLLED
Resource For college Humanities: English
655 ## - INDEX TERM--GENRE/FORM
Form subdivision Reading book
9 (RLIN) 34232
942 ## - ADDED ENTRY ELEMENTS (KOHA)
Koha item type Book - Borrowing
Call number prefix 428.64 PRO
Source of classification or shelving scheme Dewey Decimal Classification
Holdings
Withdrawn status Lost status Materials specified (bound volume or other part) Damaged status Not for loan Home library Current library Shelving location Date acquired Source of acquisition Total Checkouts Full call number Barcode Date last seen Date checked out Price effective from Koha item type Source of classification or shelving scheme Collection code Cost, normal purchase price Serial Enumeration / chronology Total Renewals Public note
  Lost Lost In Inventory_2005-2015/8/22     Central Library Central Library Second Floor 03/04/2007 Purchase 3 428.64 PRO 00000830 25/07/2010 12/11/2009 02/04/2007 Book - Borrowing            
  Lost Lost In Inventory_2015-8-23     Central Library Central Library Second Floor 07/06/2010     428.64 PRO 000020920 01/07/2011   07/06/2010 Book - Borrowing Dewey Decimal Classification Baccah 90.00 10267    
          Central Library Central Library Second Floor 07/06/2010   3 428.64 PRO 000039484 15/07/2025 16/03/2014   Book - Borrowing Dewey Decimal Classification Baccah 90.00 10267 11  
          Central Library Central Library Second Floor 07/06/2010     428.64 PRO 000020918 24/08/2022   07/06/2010 CD | DVD - With book (NB) Dewey Decimal Classification Baccah   10267   CD 2 (chapters 5-9)
          Central Library Central Library Second Floor 07/06/2010     428.64 PRO 000020917 24/08/2022   07/06/2010 CD | DVD - With book (NB) Dewey Decimal Classification Baccah   10267   CD 1 (chapters 1-8)
          Central Library Central Library Second Floor 07/06/2010   2 428.64 PRO 000020916 24/08/2022 16/03/2014 07/06/2010 CD | DVD - With book Dewey Decimal Classification Baccah   10267 2 CD 2 (chapters 5-9)
          Central Library Central Library Second Floor 07/06/2010   1 428.64 PRO 000020915 24/08/2022 16/03/2014 07/06/2010 CD | DVD - With book Dewey Decimal Classification Baccah   10267 2 CD 1 (chapters 1-8)